Solar and heat pump systems for residential buildings / (Record no. 355924)

000 -LEADER
fixed length control field 01504cam a2200397 i 4500
001 - CONTROL NUMBER
control field 11654417
003 - CONTROL NUMBER IDENTIFIER
control field USPCAS-E
005 - DATE AND TIME OF LATEST TRANSACTION
control field 20180118181418.0
006 - FIXED-LENGTH DATA ELEMENTS--ADDITIONAL MATERIAL CHARACTERISTICS
fixed length control field m d
007 - PHYSICAL DESCRIPTION FIXED FIELD--GENERAL INFORMATION
fixed length control field cr n
008 - FIXED-LENGTH DATA ELEMENTS--GENERAL INFORMATION
fixed length control field 150714t20152015gw a s 001 0 eng d
020 ## - INTERNATIONAL STANDARD BOOK NUMBER
International Standard Book Number 9783433030400
020 ## - INTERNATIONAL STANDARD BOOK NUMBER
International Standard Book Number 9783433604847 (ebook)
020 ## - INTERNATIONAL STANDARD BOOK NUMBER
International Standard Book Number 9783433604854 (ePub)
020 ## - INTERNATIONAL STANDARD BOOK NUMBER
International Standard Book Number 9783433604823 (Mobi)
020 ## - INTERNATIONAL STANDARD BOOK NUMBER
International Standard Book Number 9783433604830 (oBook)
035 ## - SYSTEM CONTROL NUMBER
System control number (WaSeSS)ssj0001573557
040 ## - CATALOGING SOURCE
Original cataloging agency CaPaEBR
Language of cataloging eng
Description conventions rda
-- pn
Transcribing agency CaPaEBR
Modifying agency WaSeSS
050 #4 - LIBRARY OF CONGRESS CALL NUMBER
Classification number TH7413
Item number .S653 2015eb
082 04 - DEWEY DECIMAL CLASSIFICATION NUMBER
Classification number 697.78
Edition number 23
Author Mark SOL 2015
210 10 - ABBREVIATED TITLE
Abbreviated title Solar and heat pump systems for residential buildings /
245 00 - TITLE STATEMENT
Title Solar and heat pump systems for residential buildings /
Statement of responsibility, etc. edited by Jean-Christophe Hadorn.
260 ## - PUBLICATION, DISTRIBUTION, ETC.
Place of publication, distribution, etc. Berlin:
Name of publisher, distributor, etc. Ernst & sohn, (Wiley)
Date of publication, distribution, etc. c2015
500 ## - GENERAL NOTE
General note Includes index.
502 ## - DISSERTATION NOTE
Dissertation note .
506 ## - RESTRICTIONS ON ACCESS NOTE
Terms governing access License restrictions may limit access.
650 #0 - SUBJECT ADDED ENTRY--TOPICAL TERM
Topical term or geographic name entry element Solar heating.
650 #0 - SUBJECT ADDED ENTRY--TOPICAL TERM
Topical term or geographic name entry element Solar houses
General subdivision Design and construction.
655 #0 - INDEX TERM--GENRE/FORM
Genre/form data or focus term Electronic books.
700 1# - ADDED ENTRY--PERSONAL NAME
Personal name Hadorn, Jean-Christophe,
Relator term editor.
773 #0 - HOST ITEM ENTRY
Title Wiley-Blackwell Online Books
776 08 - ADDITIONAL PHYSICAL FORM ENTRY
Relationship information Print version:
Title Solar and heat pump systems for residential buildings.
Place, publisher, and date of publication Berlin, Germany : Wilhelm Ernst & Sohn, c2015
Physical description xix, 254 pages
International Standard Book Number 9783433030400
856 40 - ELECTRONIC LOCATION AND ACCESS
Uniform Resource Identifier <a href="http://www.columbia.edu/cgi-bin/cul/resolve?clio11654417">http://www.columbia.edu/cgi-bin/cul/resolve?clio11654417</a>
Public note Full text available from Wiley-Blackwell Online Books
910 ## - USER-OPTION DATA (OCLC)
User-option data Vendor-generated brief record
942 ## - ADDED ENTRY ELEMENTS (KOHA)
Source of classification or shelving scheme
Koha item type Book
Holdings
Withdrawn status Lost status Source of classification or shelving scheme Damaged status Not for loan Permanent Location Current Location Shelving location Date acquired Source of acquisition Cost, normal purchase price Total Checkouts Full call number Barcode Date last seen Date last checked out Price effective from Koha item type
          US-Pakistan Center for Advanced Studies in Energy (USPCAS-E) US-Pakistan Center for Advanced Studies in Energy (USPCAS-E)   01/11/2016 Golden 1325.00 1 697.78 SOL 2015 CAS-E0001325 05/05/2016 04/12/2016 01/11/2016 Book
© 2023 Central Library, National University of Sciences and Technology. All Rights Reserved.